| 000 | 00594nam a2200205 a 4500 | ||
|---|---|---|---|
| 005 | 20140311163037.0 | ||
| 008 | 111109s19uu xx 00 eng d | ||
| 020 | _a9789713704054 | ||
| 050 |
_aT 385 _b.J399 2011 |
||
| 100 | _aJemma Development Group | ||
| 245 |
_aMS Powerpoint 2010 / _cJemma Development Group. |
||
| 260 |
_as.l : _bJemma Inc, _c2011. |
||
| 300 |
_a135 p. : _bill. ; _c25 cm. |
||
| 440 | _aVisual Guide | ||
| 521 | _aIT | ||
| 650 | _aPresentation graphic software | ||
| 650 | _aMicrosoft Powerpoint (Computer software) | ||
| 942 |
_cBK _2lcc _kFOR |
||
| 999 |
_c39695 _d39695 |
||